| 000 | 01025cam a2200241 4500 | ||
|---|---|---|---|
| 001 | ABS63087 | ||
| 008 | 000000n2000 000 0 eng u | ||
| 035 | _a(Sirsi) u109072 | ||
| 245 | _aSearch for the elusive figure | ||
| 260 | _c2000 | ||
| 490 |
_aEstates Gazette _v(0043) 28 October 2000, 172-174(3) |
||
| 520 | _aThe first in a series of "mainly for students" articles on specialist property valuations, which examines restaurants, social housing portfolios and nightclubs. Details the main tasks to be undertaken by those valuing restaurants. Looks at the purposes of conducting specialised valuations in the social housing sector, and issues to be aware of when valuing nightclubs. | ||
| 590 | _aABS | ||
| 650 | _aMAINLY FOR STUDENTS | ||
| 650 | _aSPECIALIST PROPERTY | ||
| 650 | _aRESTAURANTS | ||
| 650 | _aSOCIAL HOUSING | ||
| 650 | _aNIGHTCLUBS | ||
| 650 | _aVALUATION METHODS | ||
| 650 | _aRICS APPRAISAL AND VALUATION MANUAL | ||
| 690 | _aPROPERTY-PROPERTY APPRAISAL AND VALUATION | ||
| 942 | _n0 | ||
| 999 |
_c65138 _d65138 |
||